02388nam a22003137a 4500003000900000005001700009007000300026008004100029020001800070040002500088082002800113100003200141245021200173260003700385300003100422504002800453505084600481590003001327650006201357650005001419700002501469700003801494910004801532942001401580952014701594952015201741952016401893999001702057DO-SdBNP20250701130238.0ta211119b2020 dr ac||| |||| 00| 0 spa d a9789945924619 aDO-SdBNPbspacBNPHU 4a791.43097293bL865s2221 aLora, Félix Manuel98059814aLas salas de cine en la República Dominicana : bhistoria, desarrollo y evolución de la exhibición y distribución cinematográfica /cFélix Manuel Lora y Martha Checo ; prólogo, Yvette Mrichal. aSanto Domingo : bDGCINE,c2020. a111 p. : bil. ; c25 cm.  aBibliografía : p. 1050 aPrólogo, 7.-- Tras la historia de una nostalgia fílmica, 9.-- El inicio de la exhibición y distribución en la historia cinematográfica dominicana, 13.-- Las primeras regulaciones a las exhibiciones cinematográficas, 21.-- Desde los años 20 al 60: algunos hitos en Santo Domingo, 23.-- De la zona intramuros a las zonas populares, 27.-- Los autocinemas de Santo Domingo, 47.-- Las experiencias de la exhibición en el interior del país, 49.-- Los multicines: las pantallas se multiplican, 65.-- Una amenaza para el sector, 72.-- Los malls y las llegadas de los nuevos complejos, 77.-- Dos empresas y una importante década, 84.-- Los circuitos cinematográficos independientes, 87.-- La ley de cine, una garantía para el sector exhibidor, 95.-- Fuentes referenciales, 105.-- Anexo: salas de cine antiguas y vigentes, 107. aInventariado, 2021 /LP 10aCinematografíazRepública DominicanaxHistoria92840014aCinezRepública DominicanaxHistoria9812691 aCheco, Martha9806701 aMrichal, Yvette,epról. 980671 aLopérez/Validado. Control de calidad. MAA 2ddccLBS1 00102ddc53708PDaBNPHUbBNPHUcHDd2021-11-19eDepósito Legal l0oBNPHU PD 791.43097293 L865sp2021-28219r2021-11-19w2021-11-19yLBS1 00102ddc53708PDaBNPHUbBNPHUcHDd2021-11-19eDepósito Legal l0oBNPHU PD 791.43097293 L865sp2021-28220r2021-11-19te.2w2021-11-19yLBS1 00102ddc56708DSaBNPHUbBNPHUcHDd2021-11-19eDepósito Legal l2oBNPHU DS 791.43097293 L865sp2021-28221r2025-08-06s2025-08-04te.3w2021-11-19yLBS1 c51000d51000